[Event "Moscow Tal Memorial 8th"]
[Site "Moscow"]
[Date "2013.06.23"]
[Round "9"]
[White "Mamedyarov, Shakhriyar"]
[Black "Carlsen, Magnus"]
[Result "1/2-1/2"]
[WhiteElo "2753"]
[BlackElo "2864"]
[PlyCount "67"]
[EventDate "2013.06.13"]
[EventType "tourn"]
[EventRounds "9"]
[EventCountry "RUS"]
[EventCategory "22"]
[SourceTitle "CBM 155"]
[Source "ChessBase"]
[SourceDate "2013.07.16"]
[SourceVersion "1"]
[SourceVersionDate "2013.07.16"]
[SourceQuality "1"]

1. d4 Nf6 2. c4 g6 3. Nc3 Bg7 4. Nf3 d6 5. g3 c6 6. Bg2 Bf5 7. O-O Ne4 8. Re1 O-O 9. Qb3 Nxc3 10. bxc3 Qc8 ({RR} 10... Bc8 11. e4 Qc7 12. e5 Bg4 13. Bf4 Qd7 14. exd6 exd6 15. Ng5 Bf5 16. Ne4 Bxe4 17. Rxe4 Na6 18. Rae1 Bf6 19. h4 Nc7 20. Bg5 Bxg5 21. hxg5 Rab8 22. d5 c5 23. Re7 Qd8 24. Qa4 Re8 25. Rxe8+ {Mamedyarov,S (2734)-Caruana,F (2786) chess.com INT 2023 1-0 (51)}) 11. e4 Bg4 12. e5 $146 ({RR} 12. Rb1 b6 13. Ba3 c5 14. e5 Nc6 15. Nd2 Rb8 16. Qa4 Bd7 17. Qd1 dxe5 18. dxc5 Bh3 19. Bxh3 Qxh3 20. Qf3 Qc8 21. cxb6 axb6 22. Rb5 f5 23. c5 e4 24. Qe3 Qa6 25. Rb3 b5 26. f3 exf3 {Drnovsek,N (2125)-Mihevc,I (2207) Graz 2009 ½-½ (53)}) ({RR} 12. Ba3 Rd8 13. Rab1 b6 14. e5 Qc7 15. exd6 exd6 16. Ng5 Bf5 17. Rb2 Nd7 18. Qa4 Rac8 19. Rbe2 Bf8 20. h3 Bd3 21. Re3 b5 22. cxb5 Bxb5 23. Qb3 Nb6 24. Re7 Qxe7 25. Rxe7 Bc4 26. Qc2 Bxe7 {Gabrielian,A (2407)-Karamsetty,J (2244) chess.com INT 2025 1-0 (60)}) ({RR} 12. Bg5 Re8 13. Rab1 b6 14. e5 Qf5 15. Bf4 Bxf3 16. Bxf3 dxe5 17. Be4 Qh3 18. Bxe5 Bxe5 19. dxe5 Qe6 20. c5 Rc8 21. cxb6 axb6 22. Qxe6 fxe6 23. Rxb6 Rxa2 24. Rd1 Kf7 25. Kf1 Ra7 26. f4 Rac7 {Gislason,G (2266)-Borgaonkar,A (2372) chess.com INT 2024 0-1 (51)}) 12... Bxf3 13. Bxf3 dxe5 14. Rb1 exd4 15. cxd4 Bxd4 16. Qxb7 Qf5 17. Kg2 Na6 18. Bh6 Nc5 19. Qxe7 Nd3 20. Re4 Bg7 21. Rd1 Bxh6 22. Rxd3 Bg5 23. Qe5 Qxe5 24. Rxe5 Bf6 25. Ra5 Rfd8 26. Rxd8+ Rxd8 27. Bxc6 Rd2 28. Rxa7 Bd4 29. Rd7 Rxf2+ 30. Kh3 Be5 31. Rd5 Bc7 32. Rd7 Be5 33. Rd5 Bc7 34. Rd7 1/2-1/2

[Event "Sinquefield Cup 1st"]
[Site "Saint Louis"]
[Date "2013.09.10"]
[Round "2"]
[White "Aronian, Levon"]
[Black "Carlsen, Magnus"]
[Result "1/2-1/2"]
[WhiteElo "2813"]
[BlackElo "2862"]
[Annotator "Ramirez Alvarez,Alejandro"]
[PlyCount "80"]
[EventDate "2013.09.09"]
[EventType "tourn"]
[EventRounds "6"]
[EventCountry "USA"]
[EventCategory "22"]
[SourceTitle "CBM 157"]
[Source "ChessBase"]
[SourceDate "2013.11.12"]
[SourceVersion "1"]
[SourceVersionDate "2013.11.12"]
[SourceQuality "1"]

1. d4 f5 {Already something to talk about. The Dutch is not a common guest in top level chess, but two other players in this tournament are known to use it: Kamsky and Nakamura!} 2. Nf3 Nf6 3. c4 g6 4. Nc3 {The setups with a quick g3 and b3 are more common, but Aronian has a specific idea in mind.} Bg7 5. Bf4 $5 {A favorite of Hrant Melkumyan, an Armenian that lives in Berlin like Aronian. It is possible that Aronian got the idea from him.} d6 6. e3 Nc6 {Basically new, but since Black's only plan is to play e5 anyways the move makes sense.} 7. Be2 (7. d5 e5 $1 {is the typical response against d5 when there is a bishop on f4.} 8. dxc6 exf4 9. cxb7 Bxb7 10. exf4 Qe7+ {gives Black a superior position despite being a pawn down.}) 7... O-O 8. O-O Ne4 $1 {The point of this move is to allow Black to push e5. There are other ways of doing this, like ...e8, but they are far more awkward while this is natural and direct.} 9. h3 e5 {Black has achieved e5 while it is unclear exactly what White has achieved. Carlsen has already equalized.} 10. Bh2 exd4 $146 ({RR} 10... Nxc3 11. bxc3 Qe7 12. c5 dxc5 13. Nxe5 Bxe5 14. dxe5 Nxe5 15. Qd5+ Nf7 16. Qb3 c6 17. Bc4 b5 18. Bxf7+ Rxf7 19. Rfd1 Be6 20. Qa3 Bd5 21. c4 bxc4 22. f3 Re8 23. Re1 Qg5 24. Bf4 Qh4 25. Qxc5 {Levin,F (2483)-Ootes,L (2384) Netherlands 2018 ½-½ (57)}) 11. exd4 Ng5 $1 {Taking away the protection of the d4-pawn will force this diagonal open: a nice strategical advantage as the bishop on h2 will not be able to oppose the one on g7.} 12. Nxg5 Qxg5 13. f4 {A strange move as White is at least temporarily burrying his bishop. He hopes to maneouver it soon to g1 for it to regain its power.} Qf6 14. d5 Nd4 15. Kh1 c5 $1 {Securing the diagonal and giving b5 ideas a sharper edge.} 16. Bd3 Bd7 17. Bg1 Rae8 18. Qd2 a6 19. Rad1 {Already Black's position is more comfortable. By induction from the Benoni, it is clear that if Black achieves the b5 break and achieves a powerful bishop on g7 he will be in the driver's seat.} Rb8 20. a4 Qd8 $1 {A smart regrouping of the queen. Black only needs one piece to control the long diagonal.} 21. Rb1 Qa5 22. Qd1 Qb4 23. Bf2 Rbe8 24. Be1 Qb3 {The queen finishes her long journey to b3, and with it she exerts so much power that White has no choice but to trade her off. The problem is that this is a bad trade for White, as the queen is his best defender. Without the queen White is both planless and in a difficult situation, Black will slowly set up b5 and when that break happens Black's pieces will crash through.} 25. Qxb3 Nxb3 26. Bc2 {Aronian was down to less than ten minutes at this point. He started pacing a lot around this point, while Carlsen stayed at his board constantly thinking.} Na5 {It was tempting to put the knight on d4 again, but both moves are about as problematic for White as now the c4-pawn is not easily defended.} 27. Bd3 $1 Re3 28. Rd1 Rb8 $6 {Black continues with this plan of breaking on b5. Magnus has shuffled his rooks a lot, but they now find themselves in strong positions which is why Aronian takes care of that immediately. However it might have been better to immediately place the knight on a5 back to d4 before anything else.} (28... Rxd3 $5 {was his original idea, but Carlsen didn't see anything clear at the end and decided not to go for the complications.} 29. Rxd3 Nxc4 $13) 29. Bf2 Ree8 30. Ra1 $1 {Aronian is an excellent player, and sometimes it is most important to shine when you are in difficult positions. This important move allows the rook to diminish the effects of a possible b5, as the a-file will be open in its favor.} Bd4 31. Kg1 {Aronian took the opportunity where he felt Black's advantage had slip and the fact that Carlsen had dropped significantly in the clock to offer a draw in this position.} Be3 32. Bxe3 Rxe3 33. Rad1 Rbe8 34. Kf2 Nb3 35. Rfe1 $1 {With the trade of all the rooks, White has nothing to worry about.} Rxe1 36. Rxe1 Rxe1 37. Kxe1 Nd4 38. Kd2 Kf7 39. Be2 Kf6 40. Bd1 a5 1/2-1/2

[Event "Sinquefield Cup 1st"]
[Site "Saint Louis"]
[Date "2013.09.11"]
[Round "3"]
[White "Carlsen, Magnus"]
[Black "Nakamura, Hikaru"]
[Result "1/2-1/2"]
[WhiteElo "2862"]
[BlackElo "2772"]
[Annotator "Ramirez Alvarez,Alejandro"]
[PlyCount "82"]
[EventDate "2013.09.09"]
[EventType "tourn"]
[EventRounds "6"]
[EventCountry "USA"]
[EventCategory "22"]
[SourceTitle "CBM 157"]
[Source "ChessBase"]
[SourceDate "2013.11.12"]
[SourceVersion "1"]
[SourceVersionDate "2013.11.12"]
[SourceQuality "1"]

1. d4 Nf6 2. c4 g6 3. Nf3 Bg7 4. g3 O-O 5. Bg2 d6 {Nakamura comes to the game in fighting spirits. This slugfest was expected, and the American's step-father, FM Sunil Weeramantry, had predicted that this would be a game full of fighting chess.} 6. Nc3 Nc6 7. O-O Rb8 8. Bf4 {In a very common position Carlsen decides to play in a slightly unusual way. h3 and b3 are by more common ideas, but this move coupled with c1 has been seen more and more in the recent past. The f4, like in the game that Carlsen played yesterday with Black, has the problem that it might be bothered by the e5 break.} a6 9. Rc1 h6 $5 {This move allows Black to sometimes play g5 if the time is right.} 10. b3 (10. Qd3 Ng4 $5 11. Bd2 e5 {was the game between Vachier-Lagrave and Ding Liren from 2012 which ended in a draw.}) (10. h3 {is also interesting, to avoid g4 after g5.}) 10... g5 $1 {Of course, Nakamura wouldn't back down from such an opportunity. White is forced to go for the line that was played in the game} 11. d5 (11. Bd2 g4 12. Nh4 Nxd4 {does not give White enough compensation for the pawn.}) 11... gxf4 12. dxc6 fxg3 ({RR} 12... e5 13. cxb7 Bxb7 14. Nh4 Bc8 15. c5 Rb4 16. cxd6 cxd6 17. Qc2 fxg3 18. hxg3 Rxh4 19. gxh4 d5 20. Nxd5 Nxd5 21. Rfd1 Be6 22. Bxd5 Bxd5 23. Qd3 Qxh4 24. Qxd5 Qg4+ 25. Qg2 Qxe2 26. Re1 Qxa2 27. Re3 {Giri,A (2734)-Aronian,L (2803) Beijing 2013 1-0 (56)}) 13. hxg3 {Black cannot win a pawn here after...} b5 $146 (13... bxc6 $6 14. Nd4 Bd7 (14... c5 $2 15. Nc6 {and Black loses}) 15. Nxc6 Bxc6 16. Bxc6 {is certainly more pleasant for White.}) ({RR} 13... b6 14. Nd4 e5 15. Nc2 h5 16. Ne3 Ng4 17. Nxg4 Bxg4 18. Bf3 Bh3 19. Bxh5 Bxf1 20. Kxf1 f5 21. Kg2 e4 22. Nd5 Be5 23. f4 exf3+ 24. exf3 Bxg3 25. Qd2 f4 26. Qe2 Qg5 27. Qe6+ Kh8 28. Rh1 {Raznikov,D (2514)-Patel,A (2377) Fort Worth 2017 ½-½ (49)}) 14. cxb5 axb5 15. b4 {White fixes the weakness on b5, but at the same time his pawn on b4 is somewhat lose. He has to worry about Black's pair of bishops and the potential pawns on the center rolling down. On the other hand he has pressure on b5 and a majority on the queenside that might be problematic for Black.} d5 16. Qd3 Qd6 17. Nd4 Qxb4 18. a4 {Both players are happy with this exchange. b4 is lost, and the bishops gain a little more scope in the open game, but for the other hand White will obtain a passed pawn on the a-file.} Ne4 $5 {Nakamura spent 17 minutes in this move, a difficult position not only because of the many variations, but because none of them are necessarily clearly evaluated.} (18... bxa4 19. Rb1 Ba6 $1 20. Rxb4 Bxd3 21. Rxb8 Rxb8 22. exd3 {leaves Black down a piece, and although he has a powerful passed pawn on the a-file and a strong bishop supporting it from g7, it seems unlikely that there is quite enough.}) 19. Ndxb5 $5 (19. Nxd5 Nxf2 $1 (19... Qxd4 20. Qxd4 $1 Bxd4 21. Bxe4 {gives chances to retain the advantage with pressure on e7 and c7}) 20. Rxf2 Qxd4 21. Qxd4 Bxd4 {is nearly equal.}) 19... Nxc3 20. Nxc3 Bxc3 21. Rxc3 (21. Qxc3 Qxc3 22. Rxc3 e6 {gives Black some chances to win as White's a-pawn is weaker than it is dangerous.}) 21... Bf5 22. Qxd5 Qxc3 23. Qxf5 {A strange position. Neither side will be able to make much progress as Black has more material but his king is permanently weak and the white bishop will hold down the position comfortably.} Rfd8 24. Bf3 Ra8 25. Qe4 Qf6 26. Qb4 Ra7 27. Kg2 Rda8 28. Qg4+ Kf8 29. Qd7 e6 30. Rd1 Qe5 31. Rh1 Kg7 32. Rb1 Rxa4 33. Rb7 {Black has managed to round up the a pawn but now has to deal with the weakness on c7. He in reality has made no progress.} R4a7 34. Qe7 Rxb7 {The only way to continue, but allowing a pawn that is protected on b7 is sad.} 35. cxb7 {White on the other hand can also make no progress as b8 will be permanently defended.} Rb8 36. Qd7 c5 37. Qc6 Kf6 38. Kh2 Ke7 39. Kg2 f5 40. Qc8 Qd6 41. e3 Kf6 1/2-1/2

[Event "Zuerich Chess Challenge"]
[Site "Zuerich"]
[Date "2014.02.01"]
[Round "3"]
[White "Nakamura, Hikaru"]
[Black "Carlsen, Magnus"]
[Result "0-1"]
[WhiteElo "2789"]
[BlackElo "2872"]
[Annotator "Krasenkow,Michal"]
[PlyCount "122"]
[EventDate "2014.01.30"]
[EventType "tourn"]
[EventRounds "5"]
[EventCountry "SUI"]
[EventCategory "22"]
[SourceTitle "CBM 159"]
[Source "ChessBase"]
[SourceDate "2014.03.17"]
[SourceVersion "1"]
[SourceVersionDate "2014.03.17"]
[SourceQuality "1"]

1. d4 Nf6 2. c4 e6 3. Nc3 Bb4 4. f3 d5 5. a3 Be7 6. e4 dxe4 7. fxe4 e5 8. d5 Bc5 9. Bg5 (9. Nf3 {is more common.}) 9... O-O (9... h6 {is usually played here. An old example:} 10. Bh4 Bd4 11. Nf3 Bxc3+ 12. bxc3 Qd6 13. Bd3 Nbd7 14. O-O O-O 15. Kh1 Nc5 16. Qe2 Bg4 17. Qe3 Nfd7 18. Bg3 Bxf3 {1/2 (18) Moskalenko,V (2500)-Chekhov,V (2480) Leningrad 1989}) 10. Nf3 Bg4 {Black has a different concept. Anticipating White's long castling, he doesn't want to weaken his queenside by means of ...h7-h6. However, the present game shows that it is not easy to equalise in any case.} (10... h6 11. Bh4 Bg4 12. Bd3 (12. h3 $5) 12... Nbd7 13. h3 Bxf3 14. Qxf3 c6 15. O-O-O Bd4 16. Ne2 Qb6 17. Nxd4 exd4 18. Bxf6 Nxf6 19. e5 cxd5 20. exf6 dxc4 21. fxg7 Rfc8 22. Bf5 c3 23. Qf2 cxb2+ 24. Kb1 Rc3 25. Rd3 $18 {1-0 (47) Yakimenko,A (2178)-Stojcevski,Z (2352) Sunny Beach 2011}) (10... a5 $5 11. Qd2 Qd6 12. Be3 $6 (12. O-O-O) 12... Na6 13. Bd3 Bd7 14. O-O Qb6 15. Rae1 Ng4 $36 {0-1 (57) Kantorik,M (2289)-Solodovnichenko,Y (2430) Zvolen 2000}) 11. h3 Bxf3 12. Qxf3 Nbd7 (12... Bd4 13. Ne2 $1 Bxb2 $140 $6 14. Ra2 Bd4 15. Nxd4 exd4 16. e5 $16) 13. O-O-O Bd4 14. Ne2 $1 {[%mdl 4]} c5 (14... Nc5 $4 15. Nxd4 exd4 16. e5 h6 17. Bxf6 gxf6 18. exf6 {1-0 (18) Petrosian,K (2340)-Suess,M Budapest 1990}) ({But perhaps it was better to refrain from the text move keeping a possibility to play ...c7-c6 later on:} 14... Re8 {Black even sacrifices a pawn but obtains the e5-square if White takes on d4:} 15. Nxd4 (15. Kb1 c6 $1) 15... exd4 16. Rxd4 Qe7 17. Bd3 $140 Ne5 18. Qe3 c5 19. dxc6 bxc6) 15. g4 a5 $2 (15... a6 $1 {[%cal Yb7b5,Ya8b8] was now a must.}) 16. Kb1 $146 ({RR} 16. h4 a4 17. Bd2 Qb6 18. Nc3 Qb3 19. Bd3 Nb6 20. g5 Ne8 21. Bc2 Qxc4 22. h5 Nc8 23. Rdf1 b5 24. g6 Ncd6 25. h6 hxg6 26. hxg7 Nxg7 27. Qf6 b4 28. Rh6 Ndf5 29. Rfh1 Nxh6 30. Bxh6 Ne8 {Leenhouts,K (2476)-Le Quang,K (2271) Bruges BEL 2025 ½-½ (33)}) 16... Ra6 17. Ng3 {[%mdl 128] Suddenly it turns out that Black can hardly develop his attack since he can't push ...b7-b5. Meanwhile, White's assault goes slowly but smoothly.} g6 $6 {This weakening move makes White's attack unstoppable. It was better to refrain from it, even allowing White's knight will a powerful position on f5:} (17... Rb6 {is useless, e.g.} 18. Rh2 a4 19. h4 Rb3 20. Rd3) (17... a4 $142 18. Nf5 Qa5 19. Rh2 Rb6 {[%cal Rb6b3]} 20. Bc1 $140 Ne8 $1 {[%cal Ye8d6]}) 18. h4 a4 19. Rh2 (19. Bh6 Ne8 (19... Re8 $2 20. g5 Nh5 21. Nxh5 gxh5 22. Bh3) 20. Bxf8 Rf6 21. Qd3 Kxf8 {wins an exchange but White wants more.}) 19... Qa5 20. Bd2 Qc7 21. g5 Ne8 22. h5 Rb6 23. Bc1 Rb3 24. Qg4 Nb6 25. Be2 Nd6 26. Rdh1 Bxb2 {Desperation.} (26... Nbxc4 27. Bxc4 Nxc4 28. hxg6 fxg6 29. Qe6+ Qf7 30. Rxh7 $1 Qxe6 31. dxe6 $18) 27. Bxb2 Nbxc4 28. Bxc4 Nxc4 29. hxg6 Qb6 $1 {[%mdl 256] Magnus Carlsen finds the most stubborn defence. It is not easy for White to find the decisive blow over the board.} 30. g7 (30. gxf7+ $142 $1 Rxf7 31. Nh5 $1 Rxb2+ 32. Ka1 Rxh2 33. Nf6+ Kg7 34. Rxh2 $18 {(K.Landa)}) 30... Rd8 31. Qh4 Rxb2+ 32. Ka1 Rxh2 33. Rxh2 Qg6 34. Nf5 Re8 35. Qg4 {[%mdl 64] White fails to find the winning idea:} (35. Qf2 b6 (35... Nd6 36. Rh6) 36. Rxh7 $1 Qxh7 37. Nh6+ $18) 35... Qb6 36. Qh3 (36. g6 $1 Qxg6 (36... fxg6 37. Nh6+ Kxg7 38. Qd7+) 37. Qh3 $18 {[%cal Rh2g2]}) 36... Qg6 37. d6 $2 {Wrong!} (37. Qf3 $1 {[%cal Rh2h7] was still good enough.}) 37... Nxd6 $8 38. Nxd6 Rd8 $1 39. Nc4 $2 (39. Nc8 $3 Kxg7 40. Ne7 Rd1+ 41. Ka2 Qe6+ (41... Qb6 42. Qxh7+ Kf8 43. Qh6+) (41... Qxg5 42. Nf5+ Kf8 43. Ne3) 42. Qxe6 fxe6 43. Rh6 {still gave White some winning chances but Hikaru Nakamura had no chances to find such niceties that day.}) 39... Qxe4 40. Qh5 $4 (40. Ne3 $13) 40... Rd3 $1 {Black starts a decisive counter-attack.} 41. Rh4 Qf5 42. Qe2 b5 43. Nd2 Qxg5 (43... Rxa3+ 44. Kb2 Rg3 {was even stronger but the World Champion correctly judges that his pawn avalanche will be much stronger than White's knight anyway.}) 44. Qxd3 Qxh4 45. Ne4 Kxg7 46. Qf3 (46. Qd5 Qf4 47. Nxc5 Qd4+ $19 {}) 46... Qf4 47. Qg2+ Kf8 48. Kb2 h5 49. Nd2 h4 50. Kc2 b4 51. axb4 cxb4 52. Qa8+ Kg7 53. Qxa4 h3 54. Qb3 h2 55. Qd5 e4 56. Qh5 e3 57. Nf3 e2 58. Kb3 f6 59. Ne1 Qg3+ 60. Ka4 Qg1 61. Qxe2 Qa7+ 0-1